Lepape. La pitié suprme. Religions et religion. L'ne (Registro nro. 87812)

Detalles MARC
000 -ENCABEZADO
Número de control [NR] 00558nam a22001697a 4500
008 - DE LONGITUD FIJA DE DATOS DE ELEMENTOS - INFORMACIÓN GENERAL
Elementos de longitud fija [NR] 130821s1911 fr gr fre
040 ## - FUENTE DE CATALOGACION [NR]
Agencia de catalogación original [NR] Co-BoUCM
Idioma de catalogación [NR] spa
041 00 - CODIGO DE IDIOMA [R]
Código de idioma para texto/pista de sonido o título separado [R] Francés
100 ## - ASIENTO PRINCIPAL--NOMBRE PERSONAL [NR]
Nombre personal [NR] Hugo, Victor
Fechas asociadas con el nombre [NR] 1802-1885
ID Autoridad 150737
245 03 - MENCION DE TITULO [NR]
Título [NR] Lepape. La pitié suprme. Religions et religion. L'ne
Mención de responsabilidad, etc. [NR] Par Victor Hugo
260 ## - PUBLICACION, DISTRIBUCION, ETC. (PIE DE IMPRENTA) [R]
Lugar de publicación, distribución, etc. [R] París (Francia)
Nombre del editor, distribuidor, etc. [R] Nelson, Editeurs
Fecha de publicación, distribución, etc. [R] 1911
300 ## - DESCRIPCION FISICA [R]
Extensión [R] 372 páginas
490 ## - MENCION DE SERIE [R]
Mención de serie [R] Collection Nelson
650 04 - ASIENTO SECUNDARIO DE MATERIA - TERMINO TEMATICO [R]
Término temático o nombre geográfico como elemento de entrada [NR] Poesía francesa
9 (RLIN) 21811
942 ## - ELEMENTOS DE ENTRADA AGREGADOS (KOHA)
Tipo de ítem principal el descrito en 300a Libro
Tema principal Literatura
Edición 1
Parte restante de la signatura top. H84P
Título oculto en OPAC No
Sistema de clasificación DEWEY
Clasificación 841.7
Existencias
Signatura topográfica Código de barras Última vez visto Ejemplar Price effective from Tipo de ítem Perdido Sistema de clasificación Dañado No prestable Tipo de ítem específico Suprimido Ubicación habitual Ubicación actual Localización Fecha de creación Forma de adquisición Costo
FCS 841.7 H84P 120001118 09/07/2012 Ej.1 03/02/2013 Libro   DEWEY     Fondos especiales     Archivo Histórico Archivo histórico 28/02/2003 Donación 1000.00